000 00497nam a2200181Ia 4500
999 _c1557
_d1557
003 OSt
005 20201001095102.0
008 190216s9999||||xx |||||||||||||| ||und||
020 _a9788121919876
040 _coclc
082 _a631.52
_bRAM/P
100 _aRamawat, K G
_95249
245 0 _aPlant Biotechnology /
_cK G Ramawat
260 _bS Chand & Company,
_aNew Delhi:
_c2004.
300 _a266p
650 _aBotany
942 _cBK
_2ddc
_h631.52
_iRAM/P
_k631.52
_mRAM/P